[Event "Cellavision Cup 2019"]
[Site "Lund"]
[Date "2019.08.04"]
[Round "8.6"]
[White "Olund, Joar"]
[Black "Kristiansen, Jens"]
[Result "0-1"]
[WhiteElo "2313"]
[BlackElo "2400"]
[Annotator "NA"]
[PlyCount "134"]
[EventDate "2019.08.02"]
[EventType "swiss"]
[EventCountry "SWE"]
[SourceTitle "playchess.com"]
[Source "ChessBase"]
[SourceQuality "1"]
[TimeControl "5400+30"]

1. d4 {[%emt 0:02:33]} Nf6 {[%emt 0:00:00]} 2. Bg5 {[%emt 0:01:24]} c5 {[%emt 0:00:21]} 3. d5 {[%emt 0:00:21]} d6 {[%emt 0:00:31]} 4. Nc3 {[%emt 0:01:57]} g6 {[%emt 0:01:00]} 5. e4 {[%emt 0:01:06]} Bg7 {[%emt 0:00:57]} 6. Be2 {[%emt 0:00:23]} O-O {[%emt 0:00:22]} 7. a4 {[%emt 0:05:09]} h6 {[%emt 0:02:38]} 8. Bf4 {[%emt 0:01:29]} Na6 {[%emt 0:16:12]} 9. Nf3 {[%emt 0:00:46]} Nc7 {[%emt 0:00:26]} 10. h3 {[%emt 0:02:39]} a6 {[%emt 0:00:46]} 11. Nd2 {[%emt 0:15:51]} Bd7 {[%emt 0:04:17]} 12. a5 {[%emt 0:05:11]} Nb5 {[%emt 0:00:37]} 13. Na4 {[%emt 0:20:30]} e6 {[%emt 0:09:27]} 14. c4 {[%emt 0:04:16]} Nd4 {[%emt 0:01:23]} 15. Nb6 {[%emt 0:01:48]} exd5 {[%emt 0:05:26]} 16. Nxa8 {[%emt 0:01:39]} Re8 {[%emt 0:04:03]} 17. O-O {[%emt 0:02:00]} Nxe4 {[%emt 0:01:57]} 18. Bd3 {[%emt 0:02:58]} Qf6 {[%emt 0:04:52]} 19. Bxe4 {[%emt 0:08:12]} Qxf4 {[%emt 0:03:53]} 20. g3 {[%emt 0:02:11]} Qf6 {[%emt 0:07:46]} 21. Bg2 {[%emt 0:00:37]} Rxa8 {[%emt 0:00:43]} 22. cxd5 h5 {[%emt 0:05:35]} 23. Ne4 {[%emt 0:02:00]} Qe7 {[%emt 0:01:03]} 24. Re1 {[%emt 0:00:51]} Qf8 {[%emt 0:00:14]} 25. Ra3 {[%emt 0:01:51]} Bf5 {[%emt 0:00:52]} 26. Rae3 {[%emt 0:00:47]} Qd8 {[%emt 0:02:10]} 27. g4 {[%emt 0:02:15]} hxg4 {[%emt 0:00:10]} 28. hxg4 {[%emt 0:00:01]} Bxe4 {[%emt 0:00:28]} 29. Rxe4 {[%emt 0:00:04]} Qxa5 {[%emt 0:06:36]} 30. Qc1 {[%emt 0:02:43]} Qb5 {[%emt 0:03:29]} 31. R1e3 {[%emt 0:09:55]} Bh6 {[%emt 0:03:08]} 32. f4 {[%emt 0:00:02]} g5 {[%emt 0:05:57]} 33. Bf1 {[%emt 0:01:18]} Qd7 {[%emt 0:01:28]} 34. f5 {[%emt 0:00:16]} Bg7 {[%emt 0:02:04]} 35. Rh3 {[%emt 0:01:41]} Bf6 {[%emt 0:00:44]} 36. Rh5 {[%emt 0:00:22]} Kf8 {[%emt 0:02:57]} 37. Kg2 {[%emt 0:00:39]} Re8 {[%emt 0:00:34]} 38. Qe3 {[%emt 0:00:43]} Rxe4 {[%emt 0:01:03]} 39. Qxe4 {[%emt 0:00:01]} Qa4 {[%emt 0:01:07]} 40. Kg1 {[%emt 0:00:58]} Qb3 {[%emt 0:00:46]} 41. Qg2 {[%emt 0:00:16]} Nf3+ {[%emt 0:01:22]} 42. Kh1 {[%emt 0:00:15]} Nh4 {[%emt 0:00:15]} 43. Rxh4 {[%emt 0:00:56]} gxh4 {[%emt 0:00:07]} 44. g5 {[%emt 0:00:01]} Be5 {[%emt 0:00:40]} 45. f6 {[%emt 0:01:02]} Qg3 {[%emt 0:00:45]} 46. Qxg3 {[%emt 0:00:26]} hxg3 {[%emt 0:00:18]} 47. b3 {[%emt 0:00:15]} b5 {[%emt 0:00:41]} 48. Bd3 {[%emt 0:00:26]} Bf4 {[%emt 0:00:28]} 49. Kg2 {[%emt 0:00:27]} Bxg5 {[%emt 0:00:10]} 50. Kxg3 {[%emt 0:00:05]} Bxf6 {[%emt 0:00:05]} 51. Bf5 {[%emt 0:00:09]} Ke7 {[%emt 0:00:18]} 52. Bc8 {[%emt 0:00:05]} a5 {[%emt 0:00:08]} 53. Ba6 {[%emt 0:00:03]} a4 {[%emt 0:00:14]} 54. bxa4 {[%emt 0:00:54]} bxa4 {[%emt 0:00:07]} 55. Kf3 {[%emt 0:00:25]} a3 {[%emt 0:00:12]} 56. Bc4 {[%emt 0:00:03]} Kd8 {[%emt 0:00:22]} 57. Ke4 {[%emt 0:00:36]} Kc7 {[%emt 0:00:04]} 58. Kd3 {[%emt 0:00:03]} Bb2 {[%emt 0:00:41]} 59. Kc2 {[%emt 0:00:16]} Kd7 {[%emt 0:00:19]} 60. Kd3 {[%emt 0:00:10]} Ke7 {[%emt 0:00:07]} 61. Ke4 {[%emt 0:00:39]} Kf6 {[%emt 0:00:06]} 62. Kf4 {[%emt 0:00:08]} Bc1+ {[%emt 0:00:08]} 63. Ke4 {[%emt 0:00:05]} Kg5 {[%emt 0:00:09]} 64. Bb3 {[%emt 0:00:29]} f5+ {[%emt 0:00:07]} 65. Kf3 {[%emt 0:00:07]} Kf6 {[%emt 0:00:08]} 66. Ke2 {[%emt 0:00:07]} Ke5 {[%emt 0:00:06]} 67. Kd3 {[%emt 0:00:08]} f4 {[%emt 0:00:21] Kd4+} 0-1

[Event "Cellavision Cup 2019"]
[Site "Lund"]
[Date "2019.08.04"]
[Round "8.7"]
[White "Frisk, Ellinor"]
[Black "Blomqvist, Erik"]
[Result "0-1"]
[WhiteElo "2264"]
[BlackElo "2492"]
[Annotator "ChessBase"]
[PlyCount "78"]
[EventDate "2019.08.02"]
[EventType "swiss"]
[EventCountry "SWE"]
[SourceTitle "playchess.com"]
[Source "ChessBase"]
[SourceQuality "1"]
[TimeControl "5400+30"]

1. d4 {[%emt 0:00:00]} Nf6 {[%emt 0:00:00]} 2. c4 {[%emt 0:00:00]} e6 {[%emt 0:00:04]} 3. Nc3 Bb4 {[%emt 0:00:49]} 4. e3 {[%emt 0:00:11]} O-O {[%emt 0:00:31]} 5. Nge2 {[%emt 0:00:24]} Re8 {[%emt 0:00:35]} 6. a3 {[%emt 0:00:44]} Bf8 {[%emt 0:00:08]} 7. Ng3 {[%emt 0:00:48]} d5 {[%emt 0:00:35]} 8. cxd5 {[%emt 0:04:45]} exd5 {[%emt 0:00:20]} 9. Bd3 {[%emt 0:00:28]} b6 {[%emt 0:02:56]} 10. O-O {[%emt 0:01:53]} Ba6 {[%emt 0:05:36]} 11. Bxa6 {[%emt 0:00:54]} Nxa6 {[%emt 0:00:07]} 12. Qd3 {[%emt 0:00:12]} Qc8 {[%emt 0:00:30]} 13. e4 {[%emt 0:03:32]} dxe4 {[%emt 0:00:18]} 14. Ngxe4 {[%emt 0:00:19]} Nxe4 {[%emt 0:01:02]} 15. Nxe4 {[%emt 0:00:07]} c5 {[%emt 0:04:44]} 16. dxc5 {[%emt 0:11:06]} Nxc5 {[%emt 0:00:28]} 17. Nxc5 {[%emt 0:00:11]} Bxc5 {[%emt 0:00:09]} 18. Bd2 {[%emt 0:04:07]} Rd8 {[%emt 0:04:15]} 19. Qe2 {[%emt 0:00:26]} Qf5 {[%emt 0:00:18]} 20. Bc3 {[%emt 0:00:44]} Re8 {[%emt 0:01:20]} 21. Qc4 {[%emt 0:04:43]} b5 {[%emt 0:02:56]} 22. Qh4 {[%emt 0:01:34]} Re4 {[%emt 0:02:38]} 23. Qg3 {[%emt 0:01:37]} Rg4 {[%emt 0:02:22]} 24. Qe5 {[%emt 0:00:47]} Qf3 {[%emt 0:01:15]} 25. g3 {[%emt 0:01:26]} Rc8 {[%emt 0:09:48]} 26. Rae1 {[%emt 0:15:30]} h5 {[%emt 0:01:42]} 27. Bd2 {[%emt 0:14:16]} Rc6 {[%emt 0:15:00]} 28. Bf4 {[%emt 0:06:01]} Bb6 {[%emt 0:13:57]} 29. Qe8+ {[%emt 0:08:38]} Kh7 {[%emt 0:00:03]} 30. Qxf7 {[%emt 0:00:39]} Rcg6 {[%emt 0:00:27]} 31. Re8 {[%emt 0:02:33]} Rxf4 {[%emt 0:03:13]} 32. Qg8+ {[%emt 0:01:21]} Kh6 {[%emt 0:00:18]} 33. Qh8+ {[%emt 0:00:30]} Kg5 {[%emt 0:00:05]} 34. Re5+ {[%emt 0:09:18]} Kf6 {[%emt 0:00:41]} 35. Qf8+ {[%emt 0:02:29]} Kxe5 {[%emt 0:00:09]} 36. Re1+ {[%emt 0:00:19]} Kd5 {[%emt 0:00:26]} 37. Qa8+ {[%emt 0:02:20]} Rc6 {[%emt 0:01:27]} 38. gxf4 {[%emt 0:00:59]} Qxf2+ {[%emt 0:00:15]} 39. Kh1 {[%emt 0:00:04]} Qf3# {[%emt 0:00:07]} 0-1

[Event "Cellavision Cup 2019"]
[Site "Lund"]
[Date "2019.08.04"]
[Round "8.8"]
[White "Cramling, Pia"]
[Black "Bogo, Soren"]
[Result "1-0"]
[WhiteElo "2479"]
[BlackElo "2250"]
[Annotator "ChessBase"]
[PlyCount "43"]
[EventDate "2019.08.02"]
[EventType "swiss"]
[EventCountry "SWE"]
[SourceTitle "playchess.com"]
[Source "ChessBase"]
[SourceQuality "1"]
[TimeControl "5400+30"]

1. c4 {[%emt 0:00:00]} Nf6 {[%emt 0:00:59]} 2. Nc3 {[%emt 0:00:00]} g6 {[%emt 0:00:38]} 3. e4 {[%emt 0:00:29]} d6 {[%emt 0:00:05]} 4. d4 {[%emt 0:00:27]} Bg7 {[%emt 0:00:05]} 5. h3 {[%emt 0:01:57]} O-O {[%emt 0:00:41]} 6. Be3 {[%emt 0:00:06]} e5 {[%emt 0:05:51]} 7. d5 {[%emt 0:00:11]} c5 {[%emt 0:01:46]} 8. Bd3 {[%emt 0:10:50]} Na6 {[%emt 0:00:25]} 9. Nge2 {[%emt 0:08:12]} Bd7 {[%emt 0:00:50]} 10. Qd2 {[%emt 0:02:17]} Qe7 {[%emt 0:05:35]} 11. a3 {[%emt 0:04:04]} Rfb8 {[%emt 0:02:42]} 12. O-O {[%emt 0:01:13]} Nc7 {[%emt 0:00:37]} 13. b4 {[%emt 0:01:47]} b6 {[%emt 0:02:34]} 14. Rab1 {[%emt 0:03:40]} Nfe8 {[%emt 0:07:05]} 15. Bc2 {[%emt 0:03:51]} a6 {[%emt 0:00:20]} 16. Rb3 {[%emt 0:10:02]} b5 {[%emt 0:15:41]} 17. bxc5 {[%emt 0:00:52]} dxc5 {[%emt 0:00:02]} 18. Rd1 {[%emt 0:01:30]} Bf8 {[%emt 0:00:22]} 19. Bd3 {[%emt 0:03:39]} Nd6 {[%emt 0:12:26]} 20. Qa2 {[%emt 0:03:23]} bxc4 {[%emt 0:04:15]} 21. Rxb8 {[%emt 0:00:07]} cxd3 {[%emt 0:01:02]} 22. Rxa8 {[%emt 0:00:47]} 1-0

[Event "Cellavision Cup 2019"]
[Site "Lund"]
[Date "2019.08.04"]
[Round "8.9"]
[White "Dourerassou, Jonathan"]
[Black "Petersson, Baldur Teodor"]
[Result "1-0"]
[WhiteElo "2477"]
[BlackElo "2179"]
[Annotator "ChessBase"]
[PlyCount "33"]
[EventDate "2019.08.02"]
[EventType "swiss"]
[EventCountry "SWE"]
[SourceTitle "playchess.com"]
[Source "ChessBase"]
[SourceQuality "1"]
[TimeControl "5400+30"]

1. e4 {[%emt 0:00:00]} c5 {[%emt 0:00:55]} 2. Nf3 {[%emt 0:00:00]} e6 {[%emt 0:00:22]} 3. d4 {[%emt 0:00:00]} cxd4 {[%emt 0:00:11]} 4. Nxd4 {[%emt 0:00:00]} a6 {[%emt 0:00:08]} 5. Nc3 {[%emt 0:00:02]} Qc7 {[%emt 0:00:08]} 6. Bd3 {[%emt 0:00:06]} Nf6 {[%emt 0:00:39]} 7. O-O {[%emt 0:00:08]} Bc5 {[%emt 0:00:09]} 8. Be3 {[%emt 0:00:48]} d6 {[%emt 0:03:55]} 9. Qf3 {[%emt 0:03:42]} Nc6 {[%emt 0:06:44]} 10. Nxc6 {[%emt 0:03:56]} Bxe3 {[%emt 0:02:23]} 11. fxe3 {[%emt 0:03:53]} Qxc6 {[%emt 0:03:03]} 12. Qg3 {[%emt 0:00:17]} Kf8 {[%emt 0:03:57]} 13. e5 {[%emt 0:00:58]} dxe5 {[%emt 0:01:26]} 14. Qxe5 {[%emt 0:00:20]} b6 {[%emt 0:02:57]} 15. Rxf6 {[%emt 0:01:57]} gxf6 {[%emt 0:06:38]} 16. Qxf6 {[%emt 0:00:31]} Rg8 {[%emt 0:00:07]} 17. Be4 {[%emt 0:00:21]} 1-0

[Event "Cellavision Cup 2019"]
[Site "Lund"]
[Date "2019.08.04"]
[Round "8.10"]
[White "Malm Lindberg, Henrik"]
[Black "Smith, Axel"]
[Result "0-1"]
[WhiteElo "2189"]
[BlackElo "2469"]
[Annotator "ChessBase"]
[PlyCount "96"]
[EventDate "2019.08.02"]
[EventType "swiss"]
[EventCountry "SWE"]
[SourceTitle "playchess.com"]
[Source "ChessBase"]
[SourceQuality "1"]
[TimeControl "5400+30"]

1. e4 {[%emt 0:00:00]} e5 {[%emt 0:00:02]} 2. Nf3 {[%emt 0:00:00]} Nc6 {[%emt 0:00:02]} 3. Nc3 {[%emt 0:00:00]} Nf6 {[%emt 0:02:02]} 4. d4 {[%emt 0:00:00]} exd4 {[%emt 0:00:12]} 5. Nxd4 {[%emt 0:00:00]} Bb4 {[%emt 0:00:17]} 6. Nxc6 {[%emt 0:00:00]} bxc6 {[%emt 0:00:02]} 7. Bd3 {[%emt 0:00:00]} d5 {[%emt 0:02:31]} 8. exd5 {[%emt 0:00:03]} cxd5 {[%emt 0:00:07]} 9. O-O {[%emt 0:00:12]} O-O {[%emt 0:00:06]} 10. h3 {[%emt 0:00:28]} Re8 {[%emt 0:03:59]} 11. Qf3 {[%emt 0:00:19]} Rb8 {[%emt 0:03:48]} 12. Bf4 {[%emt 0:03:35]} Bd6 {[%emt 0:15:21]} 13. Nb5 {[%emt 0:10:11]} Bxf4 {[%emt 0:01:03]} 14. Qxf4 {[%emt 0:02:43]} Rb7 {[%emt 0:01:43]} 15. b4 {[%emt 0:13:52]} a6 {[%emt 0:14:45]} 16. Nc3 {[%emt 0:01:15]} d4 {[%emt 0:00:27]} 17. Ne2 {[%emt 0:17:19]} Rxb4 {[%emt 0:01:12]} 18. Rab1 {[%emt 0:08:45]} Nd5 {[%emt 0:04:46]} 19. Qg3 {[%emt 0:06:58]} c5 {[%emt 0:02:26]} 20. a3 {[%emt 0:01:52]} Rxb1 {[%emt 0:06:34]} 21. Rxb1 {[%emt 0:00:06]} Nb6 {[%emt 0:00:19]} 22. Nf4 {[%emt 0:01:48]} c4 {[%emt 0:02:43]} 23. Bf1 {[%emt 0:01:06]} Bf5 {[%emt 0:00:28]} 24. Rxb6 {[%emt 0:06:56]} Qxb6 {[%emt 0:00:15]} 25. Nd5 {[%emt 0:00:09]} Qc6 {[%emt 0:10:10]} 26. Bxc4 {[%emt 0:00:35]} Be4 {[%emt 0:01:54]} 27. Qb3 {[%emt 0:04:17]} Qd6 {[%emt 0:04:46]} 28. f3 {[%emt 0:05:13]} Rb8 {[%emt 0:05:37]} 29. Nb4 {[%emt 0:02:45]} Bg6 {[%emt 0:01:07]} 30. Bxa6 {[%emt 0:01:04]} Qxa6 {[%emt 0:10:48]} 31. Nxa6 {[%emt 0:00:07]} Rxb3 {[%emt 0:00:02]} 32. cxb3 {[%emt 0:00:09]} d3 {[%emt 0:00:01]} 33. Kf2 {[%emt 0:00:11]} d2 {[%emt 0:00:01]} 34. Ke2 {[%emt 0:00:08]} Bd3+ {[%emt 0:00:04]} 35. Kxd2 {[%emt 0:00:07]} Bxa6 {[%emt 0:00:01]} 36. Ke3 {[%emt 0:08:27]} Kf8 {[%emt 0:00:04]} 37. a4 {[%emt 0:04:09]} Ke7 {[%emt 0:00:20]} 38. b4 {[%emt 0:00:40]} Bf1 {[%emt 0:00:24]} 39. Kf2 {[%emt 0:01:18]} Bc4 {[%emt 0:00:11]} 40. Ke3 {[%emt 0:00:12]} Kd6 {[%emt 0:00:15]} 41. h4 {[%emt 0:00:17]} Ke5 {[%emt 0:03:55]} 42. f4+ {[%emt 0:02:12]} Kd5 {[%emt 0:00:05]} 43. g4 {[%emt 0:00:24]} Bb3 {[%emt 0:02:11]} 44. a5 {[%emt 0:00:15]} Bc4 {[%emt 0:00:14]} 45. g5 {[%emt 0:01:27]} f5 {[%emt 0:01:28]} 46. gxf6 {[%emt 0:00:32]} gxf6 {[%emt 0:00:01]} 47. Kf3 {[%emt 0:00:31]} f5 {[%emt 0:00:31]} 48. Ke3 {[%emt 0:00:15]} h5 {[%emt 0:01:25]} 0-1

[Event "Cellavision Cup 2019"]
[Site "Lund"]
[Date "2019.08.04"]
[Round "8.11"]
[White "Olsson, Simon"]
[Black "Hansen, Torbjorn Ringdal"]
[Result "0-1"]
[WhiteElo "2176"]
[BlackElo "2432"]
[Annotator "NA"]
[PlyCount "50"]
[EventDate "2019.08.02"]
[EventType "swiss"]
[EventCountry "SWE"]
[SourceTitle "playchess.com"]
[Source "ChessBase"]
[SourceQuality "1"]
[TimeControl "5400+30"]

1. d4 {[%emt 0:00:00]} Nf6 {[%emt 0:00:03]} 2. Bg5 {[%emt 0:00:00]} Ne4 {[%emt 0:00:34]} 3. Bf4 {[%emt 0:00:00]} c5 {[%emt 0:00:24]} 4. f3 {[%emt 0:00:20]} Qa5+ {[%emt 0:00:22]} 5. c3 {[%emt 0:00:07]} Nf6 {[%emt 0:00:07]} 6. d5 {[%emt 0:00:55]} e6 {[%emt 0:00:13]} 7. e4 {[%emt 0:01:46]} exd5 {[%emt 0:00:08]} 8. exd5 {[%emt 0:00:12]} d6 {[%emt 0:00:07]} 9. Qe2+ {[%emt 0:03:25]} Be7 {[%emt 0:05:37]} 10. Bxd6 {[%emt 0:01:51]} Nxd5 $11 {[%emt 0:01:17]} 11. Qe5 {[%emt 0:06:31]} Nc6 {[%emt 0:10:56]} 12. Qxd5 {[%emt 0:03:31]} Qd8 {[%emt 0:04:12]} 13. Qxc5 {[%emt 0:03:20]} Bxd6 {[%emt 0:00:59]} 14. Qe3+ {[%emt 0:00:38]} Be6 {[%emt 0:00:17]} 15. Bd3 {[%emt 0:00:50]} O-O {[%emt 0:06:31]} 16. Ne2 {[%emt 0:00:56]} Re8 {[%emt 0:02:55]} 17. Qd2 {[%emt 0:01:13]} Ne5 {[%emt 0:04:45]} 18. Be4 {[%emt 0:05:33]} f5 {[%emt 0:00:42]} 19. Bd5 {[%emt 0:01:58]} Nc4 {[%emt 0:06:46]} 20. Qd4 {[%emt 0:02:12]} Ne3 {[%emt 0:01:58]} 21. Qxe3 {[%emt 0:01:35]} Bxd5 {[%emt 0:00:07]} 22. Qd3 {[%emt 0:02:07]} Qh4+ {[%emt 0:01:30]} 23. Kd1 {[%emt 0:10:44]} Bc4 {[%emt 0:00:39]} 24. Qxd6 {[%emt 0:00:17]} Rad8 {[%emt 0:00:10]} 25. Qxd8 {[%emt 0:00:37]} Bxe2+ {[%emt 0:00:21]} 0-1

[Event "Cellavision Cup 2019"]
[Site "Lund"]
[Date "2019.08.04"]
[Round "8.12"]
[White "Jogstad, Daniel"]
[Black "Seo, Jung Min"]
[Result "1/2-1/2"]
[WhiteElo "2154"]
[BlackElo "2399"]
[Annotator "NA"]
[PlyCount "57"]
[EventDate "2019.08.02"]
[EventType "swiss"]
[EventCountry "SWE"]
[SourceTitle "playchess.com"]
[Source "ChessBase"]
[SourceQuality "1"]
[TimeControl "5400+30"]

1. e4 {[%emt 0:00:06]} c5 {[%emt 0:00:00]} 2. Nf3 {[%emt 0:00:11]} Nc6 {[%emt 0:00:00]} 3. Bb5 {[%emt 0:00:09]} g6 {[%emt 0:00:02]} 4. Bxc6 {[%emt 0:00:05]} bxc6 $11 {[%emt 0:00:35]} 5. O-O {[%emt 0:00:25]} Bg7 {[%emt 0:00:07]} 6. e5 {[%emt 0:08:52]} Nh6 {[%emt 0:02:06]} 7. d3 {[%emt 0:02:18]} O-O {[%emt 0:01:03]} 8. Re1 {[%emt 0:05:22]} f6 {[%emt 0:03:39]} 9. exf6 {[%emt 0:00:27]} exf6 {[%emt 0:00:17]} 10. Nc3 {[%emt 0:09:40]} Nf7 {[%emt 0:02:49]} 11. Bf4 {[%emt 0:04:38]} d6 {[%emt 0:03:51]} 12. h3 {[%emt 0:00:12]} Ne5 {[%emt 0:01:24]} 13. d4 {[%emt 0:04:20]} cxd4 {[%emt 0:01:41]} 14. Nxd4 {[%emt 0:01:20]} Qc7 {[%emt 0:01:07]} 15. Ndb5 {[%emt 0:09:47]} cxb5 {[%emt 0:09:03]} 16. Qd5+ {[%emt 0:00:08]} Kh8 {[%emt 0:00:02]} 17. Qxa8 {[%emt 0:00:07]} Bb7 {[%emt 0:00:11]} 18. Qxa7 {[%emt 0:00:20]} Qc6 {[%emt 0:00:18]} 19. f3 {[%emt 0:06:09]} Nxf3+ {[%emt 0:00:04]} 20. gxf3 {[%emt 0:00:04]} Qxf3 {[%emt 0:00:01]} 21. Re2 {[%emt 0:00:22]} Qh1+ {[%emt 0:03:40]} 22. Kf2 {[%emt 0:02:40]} Qf3+ {[%emt 0:00:02]} 23. Kg1 {[%emt 0:01:08]} Qh1+ {[%emt 0:08:16]} 24. Kf2 {[%emt 0:00:05]} Qf3+ {[%emt 0:00:04]} 25. Ke1 {[%emt 0:00:05]} b4 {[%emt 0:01:09]} 26. Rf2 {[%emt 0:03:55]} Re8+ {[%emt 0:27:29]} 27. Ne2 {[%emt 0:00:07]} Rxe2+ {[%emt 0:00:20]} 28. Rxe2 {[%emt 0:00:31]} Qh1+ {[%emt 0:00:03]} 29. Kd2 1/2-1/2

[Event "Cellavision Cup 2019"]
[Site "Lund"]
[Date "2019.08.04"]
[Round "8.13"]
[White "Rostgaard, Tobias Valentin"]
[Black "Namini, Armin"]
[Result "1-0"]
[WhiteElo "2390"]
[BlackElo "2241"]
[Annotator "NA"]
[PlyCount "77"]
[EventDate "2019.08.02"]
[EventType "swiss"]
[EventCountry "SWE"]
[SourceTitle "playchess.com"]
[Source "ChessBase"]
[SourceQuality "1"]
[TimeControl "5400+30"]

1. e4 {[%emt 0:00:00]} c5 {[%emt 0:00:00]} 2. Nf3 {[%emt 0:00:00]} d6 {[%emt 0:00:00]} 3. Bb5+ {[%emt 0:00:00]} Bd7 {[%emt 0:00:00]} 4. Bxd7+ {[%emt 0:00:21]} Nxd7 {[%emt 0:00:05]} 5. O-O {[%emt 0:00:11]} Ngf6 {[%emt 0:00:03]} 6. Qe2 {[%emt 0:00:12]} e6 {[%emt 0:00:07]} 7. d4 $11 {[%emt 0:00:33]} cxd4 {[%emt 0:00:22]} 8. Nxd4 {[%emt 0:00:07]} a6 {[%emt 0:00:47]} 9. c4 {[%emt 0:00:22]} Rc8 {[%emt 0:01:18]} 10. b3 {[%emt 0:02:20]} Qb6 {[%emt 0:04:11]} 11. Bb2 {[%emt 0:02:42]} Be7 {[%emt 0:00:22]} 12. Kh1 {[%emt 0:01:54]} g5 {[%emt 0:06:51]} 13. Nd2 {[%emt 0:02:36]} Rg8 {[%emt 0:01:09]} 14. Rae1 {[%emt 0:03:30]} Ne5 {[%emt 0:04:57]} 15. N4f3 Nxf3 {[%emt 0:11:27]} 16. Nxf3 {[%emt 0:02:08]} e5 {[%emt 0:02:10]} 17. Rd1 {[%emt 0:01:27]} Qc6 {[%emt 0:03:04]} 18. Rfe1 {[%emt 0:01:11]} g4 {[%emt 0:05:19]} 19. Nh4 {[%emt 0:01:23]} Qxe4 {[%emt 0:02:31]} 20. Qxe4 {[%emt 0:00:37]} Nxe4 {[%emt 0:00:07]} 21. Rxe4 {[%emt 0:00:08]} Bxh4 {[%emt 0:00:15]} 22. Rxd6 {[%emt 0:00:35]} f6 {[%emt 0:04:03]} 23. g3 {[%emt 0:00:05]} Bg5 {[%emt 0:00:07]} 24. h4 {[%emt 0:00:41]} gxh3 {[%emt 0:01:55]} 25. f4 {[%emt 0:00:48]} Bh6 {[%emt 0:05:25]} 26. Rxf6 {[%emt 0:04:28]} Bg7 {[%emt 0:00:04]} 27. Rd6 {[%emt 0:03:16]} Rc6 {[%emt 0:03:41]} 28. Rxc6 {[%emt 0:00:18]} bxc6 {[%emt 0:00:04]} 29. Bxe5 {[%emt 0:00:09]} Kd7 {[%emt 0:03:14]} 30. Bxg7 {[%emt 0:00:14]} Rxg7 {[%emt 0:00:03]} 31. Kh2 {[%emt 0:00:13]} Kd6 {[%emt 0:00:12]} 32. Re5 {[%emt 0:00:12]} c5 {[%emt 0:00:47]} 33. Rh5 {[%emt 0:00:08]} Kc6 {[%emt 0:00:38]} 34. Rh6+ {[%emt 0:00:14]} Kb7 {[%emt 0:00:06]} 35. f5 {[%emt 0:00:17]} a5 {[%emt 0:00:31]} 36. f6 {[%emt 0:00:35]} Rf7 {[%emt 0:00:07]} 37. g4 {[%emt 0:00:05]} Kc6 {[%emt 0:00:18]} 38. g5 {[%emt 0:00:21]} Kd6 {[%emt 0:00:10]} 39. Rxh7 {[%emt 0:00:52] Kd5} 1-0

[Event "Cellavision Cup 2019"]
[Site "Lund"]
[Date "2019.08.04"]
[Round "8.14"]
[White "Ask, Josef"]
[Black "Schneider, Stefan"]
[Result "1/2-1/2"]
[WhiteElo "2149"]
[BlackElo "2379"]
[Annotator "NA"]
[PlyCount "107"]
[EventDate "2019.08.02"]
[EventType "swiss"]
[EventCountry "SWE"]
[SourceTitle "playchess.com"]
[Source "ChessBase"]
[SourceQuality "1"]
[TimeControl "5400+30"]

1. e4 {[%emt 0:00:00]} c6 {[%emt 0:00:00]} 2. d3 {[%emt 0:00:23]} d5 {[%emt 0:00:00]} 3. Nd2 {[%emt 0:00:17]} e5 {[%emt 0:00:00]} 4. Ngf3 {[%emt 0:00:17]} Bd6 {[%emt 0:00:07]} 5. g3 {[%emt 0:02:08]} Nf6 {[%emt 0:00:08]} 6. Bg2 {[%emt 0:00:12]} O-O {[%emt 0:00:16]} 7. O-O {[%emt 0:00:18]} Re8 {[%emt 0:00:47]} 8. Re1 {[%emt 0:00:29]} Nbd7 {[%emt 0:02:02]} 9. b3 {[%emt 0:02:23]} a5 {[%emt 0:01:11]} 10. a4 {[%emt 0:03:42]} Qc7 {[%emt 0:08:56]} 11. Bb2 {[%emt 0:01:40]} dxe4 {[%emt 0:08:09]} 12. Nxe4 {[%emt 0:02:36]} Nxe4 {[%emt 0:01:54]} 13. Rxe4 {[%emt 0:00:27]} Nf6 {[%emt 0:02:48]} 14. Re1 {[%emt 0:00:58]} Bg4 {[%emt 0:01:58]} 15. h3 {[%emt 0:01:58]} Bh5 {[%emt 0:02:36]} 16. g4 {[%emt 0:01:12]} Bg6 {[%emt 0:00:29]} 17. Nh4 {[%emt 0:00:46]} Bb4 {[%emt 0:10:57]} 18. Rf1 {[%emt 0:05:07]} Rad8 {[%emt 0:09:28]} 19. Nxg6 {[%emt 0:02:17]} hxg6 {[%emt 0:00:11]} 20. Qe2 {[%emt 0:04:20]} Nd5 {[%emt 0:03:42]} 21. Qf3 {[%emt 0:02:04]} Qe7 {[%emt 0:07:18]} 22. Rad1 {[%emt 0:03:40]} Qc5 {[%emt 0:02:37]} 23. c4 {[%emt 0:02:04]} Nc7 {[%emt 0:07:15]} 24. Qe4 {[%emt 0:02:16]} Qe7 {[%emt 0:16:57]} 25. Kh1 {[%emt 0:04:35]} Na6 {[%emt 0:01:10]} 26. Qe2 {[%emt 0:06:38]} Nc5 {[%emt 0:01:43]} 27. Qc2 {[%emt 0:00:06]} Qc7 {[%emt 0:03:19]} 28. d4 {[%emt 0:03:37]} exd4 {[%emt 0:00:03]} 29. Bxd4 {[%emt 0:00:35]} Ne6 {[%emt 0:00:29]} 30. Be3 {[%emt 0:00:22]} Qe5 {[%emt 0:00:56]} 31. Rxd8 {[%emt 0:00:52]} Rxd8 {[%emt 0:00:33]} 32. Rd1 {[%emt 0:01:06]} Rxd1+ {[%emt 0:04:52]} 33. Qxd1 {[%emt 0:00:06]} Bc5 {[%emt 0:00:11]} 34. Bxc5 {[%emt 0:02:17]} Qxc5 {[%emt 0:00:09]} 35. Kg1 {[%emt 0:02:31]} Qd4 {[%emt 0:00:16]} 36. Qe1 {[%emt 0:01:20]} Qd3 {[%emt 0:01:49]} 37. Qxa5 {[%emt 0:01:21]} Qxb3 {[%emt 0:00:03]} 38. Bf1 {[%emt 0:01:11]} Kh7 {[%emt 0:00:28]} 39. Qa7 {[%emt 0:01:39]} Ng5 {[%emt 0:01:52]} 40. a5 {[%emt 0:02:09]} Nxh3+ {[%emt 0:01:30]} 41. Bxh3 {[%emt 0:01:08]} Qxh3 {[%emt 0:00:02]} 42. Qxb7 {[%emt 0:00:47]} Qxg4+ {[%emt 0:00:02]} 43. Kh2 {[%emt 0:00:43]} Qh4+ {[%emt 0:00:02]} 44. Kg1 {[%emt 0:00:36]} Qg4+ {[%emt 0:00:05]} 45. Kh2 {[%emt 0:00:17]} Qh5+ {[%emt 0:00:16]} 46. Kg1 {[%emt 0:00:25]} Qg5+ {[%emt 0:01:06]} 47. Kf1 {[%emt 0:00:44]} Qc1+ {[%emt 0:00:56]} 48. Kg2 {[%emt 0:00:08]} Qxc4 {[%emt 0:00:50]} 49. a6 {[%emt 0:00:15]} Qg4+ {[%emt 0:00:34]} 50. Kf1 Qd1+ {[%emt 0:00:07]} 51. Kg2 {[%emt 0:00:18]} Qg4+ {[%emt 0:00:10]} 52. Kf1 {[%emt 0:00:04]} Qd1+ {[%emt 0:00:34]} 53. Kg2 {[%emt 0:00:06]} Qg4+ {[%emt 0:00:37]} 54. Kf1 {[%emt 0:00:06]} 1/2-1/2